Detalles MARC
| 000 -LÍDER |
| Campo fijo de descripción fija |
00919nam a22002537a 4500 |
| 003 - IDENTIFICADOR DEL NÚMERO DE CONTROL |
| Campo de control |
BCEG |
| 005 - FECHA Y HORA DE LA ULTIMA TRANSACCIÓN |
| control field |
20260410133352.0 |
| 008 - ELEMENTOS DE LONGITUD FIJA -- INFORMACIÓN GENERAL |
| Campo fijo de descripción fija -- Información general |
260410s2010 mx|||||| |||| 00| 0 spa d |
| 020 ## - ISBN |
| Isbn |
9786078667277 |
| 040 ## - FUENTE DE CATALOGACIÓN |
| Agencia de catalogación original |
BCEG |
| Idioma de catalogación |
spa |
| Agencia que realiza la transcripción |
BCEG |
| 082 04 - NÚMERO DE CLASIFICACIÓN DECIMAL DEWEY |
| Número de clasificación |
M861.4 |
| Clave de autor-Numero de item |
H117d |
| 245 01 - TÍTULO PROPIAMENTE DICHO |
| Título |
¿Hacia dónde van los animales? |
| Otra información sobre el título - Subtitulo |
: 21 poetas dialogan con el arte de Francisco Toledo. |
| 246 12 - FORMA VARIANTE DEL TITULO |
| Título propiamente dicho/forma breve del título |
¿Hacia dónde van los animales? |
| Parte restante del título |
: veintiún poetas dialogan con el arte de Francisco Toledo. |
| 260 ## - PUBLICACIÓN, DISTRIBUCIÓN, ETC. (PIE DE IMPRENTA) |
| Lugar de publicación, distribución, etc. |
México : |
| Nombre del editor, distribuidor, etc. |
Museo de Arte Contemporáneo de Oaxaca : |
| -- |
Almadía, |
| Fecha de publicación, distribución, etc. |
2010. |
| 300 ## - DESCRIPCIÓN FÍSICA |
| Extensión |
147 p. |
| Otros detalles físicos |
: il. |
| 541 ## - NOTA DE FUENTE INMEDIATA DE ADQUISICIÓN |
| Nota de fuente de adquisición |
Compra. |
| 600 14 - ENCABEZAMIENTO DE MATERIA. AUTOR PERSONAL |
| Nombre personal |
Toledo, Francisco, |
| Fechas asociadas con el nombre |
1940-2019, |
| Subdivisión general |
Crítica e interpretación. |
| 650 14 - ASIENTO SECUNDARIO DE MATERIA - TERMINO TEMÁTICO |
| Término temático o nombre geográfico como elemento de entrada |
Poesía mexicana. |
| 650 14 - ASIENTO SECUNDARIO DE MATERIA - TERMINO TEMÁTICO |
| Término temático o nombre geográfico como elemento de entrada |
Arte popular |
| Subdivisión geográfica |
México. |
| 700 1# - ASIENTO SECUNDARIO - NOMBRE PERSONAL |
| Nombre personal |
Toledo, Francisco, |
| Fechas asociadas con el nombre |
1940-2019, |
| Función o responsabilidad del autor |
il. |
| 700 1# - ASIENTO SECUNDARIO - NOMBRE PERSONAL |
| Nombre personal |
Lumbreras, Ernesto, |
| Fechas asociadas con el nombre |
1966-, |
| Función o responsabilidad del autor |
ed. |
| 700 1# - ASIENTO SECUNDARIO - NOMBRE PERSONAL |
| Nombre personal |
Valasco, Efraín, |
| Fechas asociadas con el nombre |
1977-, |
| Función o responsabilidad del autor |
ed. |
| 942 ## - TIPO DE MATERIAL (KOHA) |
| Tipo de Item KOHA |
Libro |